[Event "GER-ch Net blitz qual3"]
[Site "Playchess.com INT"]
[Date "2021.05.07"]
[Round "9"]
[White "Dittrich, Gunnar"]
[Black "Toellner, Uwe"]
[Result "1-0"]
[WhiteElo "1761"]
[BlackElo "1937"]
[PlyCount "137"]
[EventDate "2021.05.07"]
[EventType "swiss (blitz)"]
[EventRounds "11"]
[EventCountry "GER"]
[SourceTitle "CBM 202 Extra"]
[Source "ChessBase"]
[SourceDate "2021.07.31"]
[SourceVersion "1"]
[SourceVersionDate "2021.07.31"]
[SourceQuality "1"]

1. e4 c5 2. Nf3 d6 3. d4 cxd4 4. Nxd4 Nf6 5. Nc3 a6 6. Bg5 e6 7. Qd2 Be7 8. 0-0-0 Nbd7 9. Bxf6 Nxf6 10. g4 Qc7 11. g5 Nd7 12. f4 Nb6 13. f5 e5 14. Nf3 Bd7 15. f6 gxf6 16. gxf6 Bf8 17. h4 0-0-0 18. Bh3 Kb8 19. Bxd7 Rxd7 20. Nd5 Qc5 21. Nxb6 Qxb6 22. Kb1 Rc7 23. h5 Rc6 24. Rhg1 Qc5 25. Nh4 Qc4 26. Qd3 Qe6 27. Rdf1 Bh6 28. Nf5 Bf4 29. Rd1 Rd8 30. Rg7 h6 31. Qd5 Qxd5 32. exd5 Rc7 33. Rh7 Bg5 34. Nxh6 Bxf6 35. Rf1 Bg5 36. Rfxf7 Rxf7 37. Nxf7 Rg8 38. b3 Be3 39. Rh8 Rxh8 40. Nxh8 Kc7 41. Nf7 Kd7 42. h6 Ke7 43. h7 Kxf7 44. h8Q Bg5 45. Qh7+ Kf6 46. Qh8+ Kf5 47. Qf8+ Ke4 48. Qxd6 Bf4 49. Qe6 Kd4 50. d6 e4 51. d7 Bg5 52. Qd6+ Ke3 53. d8Q Bxd8 54. Qxd8 Kf3 55. Qc7 e3 56. Qxb7+ Kf2 57. Qe7 e2 58. c4 e1Q+ 59. Qxe1+ Kxe1 60. c5 Ke2 61. c6 Kd2 62. c7 Kd3 63. c8Q Ke4 64. Kb2 Ke5 65. Ka3 a5 66. Ka4 Kd5 67. Kxa5 Kd4 68. b4 Kd5 69. b5 1-0

[Event "GER-ch Net blitz qual3"]
[Site "Playchess.com INT"]
[Date "2021.05.07"]
[Round "7"]
[White "Toellner, Uwe"]
[Black "Daeuber, Andreas"]
[Result "1/2-1/2"]
[WhiteElo "1937"]
[BlackElo "1666"]
[PlyCount "133"]
[EventDate "2021.05.07"]
[EventType "swiss (blitz)"]
[EventRounds "11"]
[EventCountry "GER"]
[SourceTitle "CBM 202 Extra"]
[Source "ChessBase"]
[SourceDate "2021.07.31"]
[SourceVersion "1"]
[SourceVersionDate "2021.07.31"]
[SourceQuality "1"]

1. Nf3 d5 2. d4 e6 3. Bf4 Bd6 4. Ne5 Nf6 5. Nd2 0-0 6. e3 c5 7. c3 Nc6 8. Bd3 Qc7 9. Ndf3 h6 10. 0-0 Nh5 11. Re1 Bxe5 12. Bxe5 Nxe5 13. dxe5 g6 14. Qd2 Ng7 15. Rad1 b6 16. e4 dxe4 17. Bxe4 Bb7 18. Qd6 Qxd6 19. exd6 Bxe4 20. Rxe4 Rad8 21. Re2 Nf5 22. Red2 f6 23. d7 Rf7 24. g4 Ng7 25. Rd6 e5 26. Nh4 Kh7 27. Kg2 g5 28. Nf5 Nxf5 29. gxf5 Kg7 30. Kf3 Kf8 31. Ke4 Ke7 32. Re6+ Kf8 33. Red6 Ke7 34. Re6+ Kf8 35. Rdd6 Rdxd7 36. Rxf6 Rxd6 37. Rxd6 Re7 38. Rd5 Kf7 39. Rxe5 Rd7 40. Rd5 Re7+ 41. Re5 Rd7 42. f4 gxf4 43. Kxf4 Rd2 44. c4 Rxb2 45. Rd5 Rxa2 46. Ke5 Ke7 47. f6+ Ke8 48. Ke6 Re2+ 49. Kf5 Rf2+ 50. Kg6 Rg2+ 51. Kf5 Rf2+ 52. Ke6 Re2+ 53. Kd6 Kf7 54. Rh5 Re4 55. Rxh6 Rxc4 56. Ke5 Rc1 57. Rh7+ Kg8 58. Rxa7 c4 59. Ke6 Re1+ 60. Kd5 c3 61. Rc7 Re2 62. Kd4 b5 63. Kc5 c2 64. Kxb5 Rxh2 65. Kb4 Rf2 66. f7+ Rxf7 67. Rxc2 1/2-1/2

[Event "GER-ch Net blitz qual1"]
[Site "Playchess.com INT"]
[Date "2021.04.24"]
[Round "1"]
[White "Sonnenschein, Philipp"]
[Black "Toellner, Uwe"]
[Result "0-1"]
[WhiteElo "1620"]
[BlackElo "2011"]
[PlyCount "90"]
[EventDate "2021.04.24"]
[EventType "swiss (blitz)"]
[EventRounds "11"]
[EventCountry "GER"]
[SourceTitle "CBM 202 Extra"]
[Source "ChessBase"]
[SourceDate "2021.07.31"]
[SourceVersion "1"]
[SourceVersionDate "2021.07.31"]
[SourceQuality "1"]

1. e4 c5 2. Nf3 d6 3. d4 cxd4 4. Nxd4 Nf6 5. Nc3 a6 6. h3 e6 7. g4 Be7 8. g5 Nfd7 9. Be3 Qc7 10. h4 Nc6 11. Qd2 b5 12. a3 Bb7 13. 0-0-0 Rc8 14. Rg1 Nce5 15. h5 g6 16. f4 Nc4 17. Bxc4 Qxc4 18. f5 e5 19. Nb3 Qc7 20. hxg6 hxg6 21. f6 Bf8 22. Rh1 Rxh1 23. Rxh1 Nb6 24. Bxb6 Qxb6 25. Nd5 Bxd5 26. Qxd5 Qc6 27. Qxc6+ Rxc6 28. Rd1 Kd7 29. Rd5 Ke6 30. Kd2 Rc4 31. Kd3 Rc7 32. Na5 Rc5 33. Rxc5 dxc5 34. c4 Bd6 35. Nb7 Kd7 36. b3 Kc7 37. Nxd6 Kxd6 38. cxb5 axb5 39. a4 Kc6 40. Kc3 Kb6 41. axb5 Kxb5 42. Kd3 Kb4 43. Kc2 c4 44. bxc4 Kxc4 45. Kd2 Kd4 0-1

[Event "DSOL 02 Liga Gr-D 1st"]
[Site "Playchess.com INT"]
[Date "2020.07.07"]
[Round "3.2"]
[White "Olesiak, Marcin"]
[Black "Toellner, Uwe"]
[Result "1-0"]
[WhiteElo "2033"]
[BlackElo "1953"]
[PlyCount "175"]
[EventDate "2020.06.22"]
[EventType "team-tourn (rapid)"]
[EventCountry "GER"]
[SourceTitle "EXT 2021"]
[Source "ChessBase"]
[SourceDate "2020.10.23"]
[SourceVersion "1"]
[SourceVersionDate "2020.10.23"]
[SourceQuality "1"]
[WhiteTeam "Oberursel"]
[BlackTeam "Eckernforder SC"]
[WhiteTeamCountry "GER"]
[BlackTeamCountry "GER"]

1. e4 d6 2. Nc3 Nf6 3. f4 c6 4. Nf3 g6 5. Bc4 Bg7 6. Bb3 0-0 7. 0-0 Na6 8. d3 Nc5 9. Qe1 Nxb3 10. axb3 d5 11. Qh4 d4 12. Ne2 Ng4 13. h3 Ne3 14. Bxe3 dxe3 15. Rad1 c5 16. Ne5 a5 17. Rde1 Qc7 18. Qg3 b5 19. Nc3 Ba6 20. Nd5 Qd6 21. Nxe3 Rfc8 22. Kh1 f6 23. Nf3 Bb7 24. Ng4 Bc6 25. e5 Qd7 26. Qh4 Rf8 27. Qg3 Rac8 28. h4 Rce8 29. h5 Qf5 30. hxg6 hxg6 31. Kg1 Rd8 32. Ne3 Qh5 33. Nh4 Kh7 34. e6 Rd4 35. Qh2 f5 36. Qg3 Bh6 37. Kh2 Rh8 38. Kg1 Bg7 39. Nf3 Bxf3 40. Qxf3 Qh4 41. Qf2 Qh6 42. g3 Bf6 43. Qg2 Kg7 44. Kf2 Qh2 45. Rh1 Qxg2+ 46. Kxg2 Rd6 47. Rxh8 Kxh8 48. Nd1 a4 49. bxa4 bxa4 50. Kf3 Rb6 51. Nc3 Rxb2 52. Nxa4 Rxc2 53. Nb6 Kg7 54. Nd5 Rd2 55. Ke3 Rb2 56. Re2 Rb3 57. Rc2 Bd4+ 58. Ke2 Kf8 59. Ra2 Rb2+ 60. Rxb2 Bxb2 61. Kf3 Bd4 62. g4 Bb2 63. gxf5 gxf5 64. Ke2 Bd4 65. Kd2 Bf2 66. Kc2 Ke8 67. Kb3 Kd8 68. Kc4 Bg1 69. Kb5 Bf2 70. Kc6 Bg1 71. Nc3 Be3 72. Ne2 Bf2 73. Kd5 Kc7 74. Ke5 Kc6 75. Kxf5 Kd5 76. Nc3+ Kd4 77. Nd1 Bh4 78. Nb2 Bf6 79. Na4 Bh4 80. Kg6 Kd5 81. f5 Bf6 82. Nb6+ Kd6 83. Nd7 Bh4 84. Kf7 Bf2 85. f6 exf6 86. Nxf6 Bh4 87. e7 Bxf6 88. Kxf6 1-0